MLB Jersey Number By Player - Statistics

General Stats
  • This quiz has been taken 191 times
  • The average score is 12 of 15
Answer Stats
Player Name Jersey # % Correct
Derek Jeter 2
99%
Bryce Harper 34
96%
Lou Gehrig 4
96%
Stan Musial 6
90%
Ichiro Suzuki 51
85%
Eddie Murray 33
83%
C.C Sabathia 52
83%
Phil Niekro 35
81%
Orel Hershiser 55
80%
Gaylord Perry 36
77%
Goose Gossage 54
77%
Roy Campanella 39
76%
Johan Santana 57
76%
Carlton Fisk 72
76%
Barry Zito 75
74%
No matching quizzes found
Score Distribution
Percent of People with Each Score
Percentile by Number Answered
Your Score History
You have not taken this quiz